LEADER 00719nab a2200157 i 4500 001 000000283876 003 CaOOAMICUS 005 20180831165245.0 008 180831n xx uu u0 0und r 013 $a37055 040 $aSeMil$bita 100 1 $aMazzi, Antonio,$c.$0(OLS)http://semarc/name/36628 245 13$aIl Natale che cerco ; La tenerezza di Dio ; Intervista a don Antonio Mazzi :$bDossier : La fedeltà possibile. - Titoli dalla copertina. 500 $aDicembre 2001. 773 0 $t2001-2002.$dBologna : EDB, 2002.$w()238598 996 $6245$aIl Natale che cerco ; La tenerezza di Dio ; Intervista a don Antonio Mazzi :$bDossier : La fedeltà possibile. - Titoli dalla copertina$9(OLS)http://semarc/title/365263 LEADER 00902naa a2200157 i 4500 001 000000319022 003 CaOOAMICUS 005 20180831173259.0 008 180831n it u000 u ita u 013 $a28645 040 $aSeMil$bita 100 1 $aAtripaldi, Vincenzo.$0(OLS)http://semarc/name/88965 245 13$aIl processo di integrazione europea tra 'omogeneità costituzionale' e 'identità nazionali' :$bun modello istituzionale per la ' globalizzazione costituzionale'. 650 4$aEuropa - Integrazione.$0(OLS)http://semarc/subject/26643 773 0 $tScritti in onore di Angelo Mattioni.$dMilano : Vita e Pensiero, 2011.$kUniversità. Diritto. Ricerche [V&P]$z978-88-343-2034-1$gp.3-24$w()207912 996 $6245$aIl processo di integrazione europea tra 'omogeneità costituzionale' e 'identità nazionali' :$bun modello istituzionale per la ' globalizzazione costituzionale'$9(OLS)http://semarc/title/392821